[Event "Sparkassen-Open B"]
[Site "Heusenstamm, Martinsee"]
[Date "2018.11.25"]
[Round "6.20"]
[White "Müller, Maximilian"]
[Black "Strate, Wolfgang"]
[Result "1/2-1/2"]
[WhiteElo "1547"]
[BlackElo "1645"]
[PlyCount "140"]
[EventDate "2018.??.??"]
[WhiteTeam "SC Eppelborn"]
[BlackTeam "SC Eschbach"]

1. e4 d5 2. exd5 Qxd5 3. Nc3 Qa5 4. d4 c6 5. Nf3 Bg4 6. Bd2 Qc7 7. Bc4 e6 8. h3
Bh5 9. Be2 Nf6 10. Be3 Bb4 11. Bd2 Nbd7 12. a3 Bxc3 13. Bxc3 Nd5 14. Bd2 Nf4
15. Bxf4 Qxf4 16. Qc1 Qf6 17. Qe3 Nb6 18. Qe5 Qxe5 19. dxe5 Nd7 20. g4 Bg6 21.
O-O-O Be4 22. Rhe1 Bxf3 23. Bxf3 Ke7 24. Bg2 Rhd8 25. f4 Nf8 26. Rxd8 Rxd8 27.
Re4 Rd7 28. Ra4 a6 29. Rb4 Kd8 30. Rc4 Kc7 31. Re4 Kb6 32. b3 Kc5 33. Rc4+ Kb6
34. Re4 Kc5 35. Rc4+ Kb6 36. Be4 Ng6 37. Bxg6 hxg6 38. Re4 Rd5 39. Rb4+ Kc7 40.
Re4 b5 41. Re3 Rd4 42. Rf3 c5 43. f5 gxf5 44. gxf5 exf5 45. Rxf5 Rd7 46. Rg5
Kc6 47. Rxg7 Kd5 48. Rg5 Ke4 49. e6 fxe6 50. Rxc5 Rd6 51. h4 e5 52. Rc3 Rh6 53.
a4 Rxh4 54. axb5 axb5 55. Rc5 Rh1+ 56. Kb2 b4 57. Rc4+ Kf3 58. Rxb4 e4 59. Rb8
e3 60. Rf8+ Ke2 61. b4 Rf1 62. Re8 Rf4 63. Kc3 Rf7 64. b5 Rc7+ 65. Kd4 Rd7+ 66.
Kc3 Rc7+ 67. Kd4 Rd7+ 68. Kc5 Rc7+ 69. Kd4 Rd7+ 70. Kc5 Rc7+ 1/2-1/2

[Event "Sparkassen-Open B"]
[Site "Heusenstamm, Martinsee"]
[Date "2018.11.25"]
[Round "6.21"]
[White "Traut, Stefan"]
[Black "Bayer, Melissa"]
[Result "1/2-1/2"]
[WhiteElo "1601"]
[BlackElo "1497"]
[PlyCount "123"]
[EventDate "2018.??.??"]
[WhiteTeam "SF Heusenstamm"]
[BlackTeam "SC Heusenstamm"]

1. d4 d5 2. Nf3 e6 3. c4 Nf6 4. g3 Be7 5. Bg2 O-O 6. O-O b6 7. Nc3 Bb7 8. Ne5
Nbd7 9. Qa4 c5 10. Nxd7 Nxd7 11. cxd5 cxd4 12. Qxd4 Bf6 13. Qd2 Nc5 14. Rd1 Re8
15. d6 Qd7 16. Rb1 Bxg2 17. Kxg2 Qc6+ 18. Kg1 Red8 19. Qe1 Rxd6 20. Rxd6 Qxd6
21. Bf4 Qc6 22. Rd1 Nb7 23. e4 g5 24. Bd2 Qc5 25. a3 Rd8 26. Rc1 Qd4 27. Be3
Qd3 28. Qd1 Qxd1+ 29. Rxd1 Rxd1+ 30. Nxd1 Nd6 31. f3 Nc4 32. Bc1 Kg7 33. h3 Kg6
34. Kf1 h5 35. g4 Be5 36. Ke2 f5 37. Kd3 b5 38. b3 Na5 39. Kc2 Nc6 40. Kd3 Nd4
41. exf5+ exf5 42. gxf5+ Kxf5 43. Ne3+ Ke6 44. a4 bxa4 45. bxa4 Nxf3 46. Nc4
Bf6 47. Be3 a6 48. Ke4 Ne1 49. Na5 Nc2 50. Bd2 Na3 51. Nb3 Be7 52. Nd4+ Kf6 53.
Nc6 Bd6 54. Bc3+ Ke6 55. Nd4+ Kd7 56. Kf5 g4 57. hxg4 hxg4 58. Kxg4 Nc4 59. Kf5
a5 60. Nb3 Bb4 61. Bg7 Nb6 62. Nxa5 1/2-1/2

[Event "Sparkassen-Open B"]
[Site "Heusenstamm, Martinsee"]
[Date "2018.11.25"]
[Round "6.22"]
[White "Burkart, Lloyd Shang"]
[Black "Schwegler, Jelena"]
[Result "1/2-1/2"]
[WhiteElo "1157"]
[BlackElo "1496"]
[PlyCount "44"]
[EventDate "2018.??.??"]
[WhiteTeam "TuS Makkabi"]
[BlackTeam "SK Bad Homburg"]

1. d4 Nf6 2. c4 g6 3. Nf3 Bg7 4. Nc3 O-O 5. Bf4 d6 6. e3 Nbd7 7. Be2 c5 8. O-O
Nh5 9. Bg5 h6 10. Bh4 f5 11. Rc1 g5 12. Bxg5 Ndf6 13. Bxf6 Nxf6 14. dxc5 dxc5
15. Qxd8 Rxd8 16. Rfd1 Be6 17. Rxd8+ Rxd8 18. Rd1 Rxd1+ 19. Nxd1 Ne4 20. Kf1
Kf7 21. Ke1 Ke8 22. Nd2 Nd6 1/2-1/2

[Event "Sparkassen-Open B"]
[Site "Heusenstamm, Martinsee"]
[Date "2018.11.25"]
[Round "6.23"]
[White "Dixon, Laura Michaela"]
[Black "Pomrehn, Ole Magnus"]
[Result "1/2-1/2"]
[WhiteElo "1163"]
[BlackElo "1533"]
[PlyCount "41"]
[EventDate "2018.??.??"]
[WhiteTeam "VSG Offenbach"]
[BlackTeam "SC Nidderau"]

1. e4 d6 2. d4 Nd7 3. Nc3 g6 4. Be3 Bg7 5. Bc4 e6 6. Nge2 Ne7 7. f4 b6 8. O-O
O-O 9. Rf3 Bb7 10. Bd3 e5 11. Rh3 Nc6 12. dxe5 dxe5 13. f5 Nd4 14. Qd2 Nxe2+
15. Qxe2 Nf6 16. Bg5 Qd4+ 17. Be3 Qd7 18. g4 a6 19. Rf1 c5 20. Rh4 Rfe8 21. Qd2
1/2-1/2

[Event "Sparkassen-Open B"]
[Site "Heusenstamm, Martinsee"]
[Date "2018.11.25"]
[Round "6.24"]
[White "Martin, Lukas"]
[Black "Wu, Sifan"]
[Result "1/2-1/2"]
[WhiteElo "1439"]
[BlackElo "1669"]
[PlyCount "77"]
[EventDate "2018.??.??"]
[WhiteTeam "SC Bad Soden"]
[BlackTeam "SV Oberursel"]

1. d4 d5 2. c4 c6 3. Nf3 Nf6 4. Nc3 e6 5. Bg5 Nbd7 6. e3 Bd6 7. Be2 O-O 8. O-O
Re8 9. cxd5 exd5 10. a3 h6 11. Bh4 Nf8 12. Qc2 Ng6 13. Bg3 Bf8 14. b4 Nh5 15.
Be5 Nxe5 16. Nxe5 Nf6 17. Na4 Bd6 18. Nf3 Qc7 19. Rfc1 a6 20. Nc5 Bg4 21. h3
Bh5 22. Ne1 Bg6 23. Bd3 Ne4 24. Nf3 Bxc5 25. dxc5 Qe7 26. Nd2 Nxd2 27. Qxd2
Bxd3 28. Qxd3 Qe4 29. Qxe4 Rxe4 30. Ra2 Rae8 31. Rd2 g6 32. Kf1 Kg7 33. Rd4 f5
34. g3 Kf6 35. Rcd1 Rxd4 36. Rxd4 Re4 37. Ke2 Ke5 38. Kd3 Rxd4+ 39. exd4+
1/2-1/2

[Event "Sparkassen-Open B"]
[Site "Heusenstamm, Martinsee"]
[Date "2018.11.25"]
[Round "6.25"]
[White "Fuchs, Andreas"]
[Black "Ziegler, Christopher"]
[Result "1-0"]
[WhiteElo "1661"]
[BlackElo "1353"]
[PlyCount "43"]
[EventDate "2018.??.??"]
[WhiteTeam "SC Ober-Ramstadt"]
[BlackTeam "SV Kelsterbach"]

1. f4 f5 2. g3 Nf6 3. Bg2 Nc6 4. Nf3 b6 5. O-O Bb7 6. c4 g6 7. d4 Bg7 8. d5 Na5
9. Nbd2 e6 10. dxe6 dxe6 11. Rb1 Ng4 12. b4 Bd4+ 13. Kh1 Ne3 14. Qa4+ Bc6 15.
b5 Nxf1 16. bxc6 Nxd2 17. Bxd2 Kf7 18. Rd1 Nxc4 19. Qxc4 Be3 20. Ng5+ Ke7 21.
Qxe6+ Kf8 22. Qf7# 1-0

[Event "Sparkassen-Open B"]
[Site "Heusenstamm, Martinsee"]
[Date "2018.11.25"]
[Round "6.26"]
[White "Firinci, Erdem"]
[Black "Plaumann, Arvin"]
[Result "0-1"]
[WhiteElo "1645"]
[BlackElo "1338"]
[PlyCount "98"]
[EventDate "2018.??.??"]
[WhiteTeam "SF Heusenstamm"]
[BlackTeam "SF Heidesheim"]

1. e4 e6 2. Nc3 d5 3. exd5 exd5 4. d4 Nf6 5. Nf3 Bb4 6. Bd2 Nc6 7. Be2 O-O 8.
O-O Bg4 9. Be3 Re8 10. a3 Bxc3 11. bxc3 Ne4 12. Qd3 Na5 13. h3 Bf5 14. Qb5 Nxc3
15. Qxa5 Nxe2+ 16. Kh1 Rxe3 17. fxe3 Ng3+ 18. Kg1 Nxf1 19. Rxf1 Bxc2 20. Rc1 b6
21. Qc3 Be4 22. Qxc7 Bxf3 23. Qxd8+ Rxd8 24. gxf3 g6 25. Rc7 Re8 26. Kf2 a6 27.
Rd7 Rc8 28. Rxd5 Rc2+ 29. Kg3 Rc3 30. Rd6 Rxe3 31. Rxb6 Rxa3 32. d5 Rd3 33.
Rxa6 Rxd5 34. h4 h6 35. Rb6 Kg7 36. Rc6 h5 37. Rc4 g5 38. hxg5 Rxg5+ 39. Kh4
Rf5 40. f4 Ra5 41. Rc3 Kg6 42. Rg3+ Kh6 43. Rg8 Ra1 44. Rh8+ Kg6 45. Kg3 Ra3+
46. Kh4 Rf3 47. Rg8+ Kf5 48. Rg5+ Kxf4 49. Rxh5 Rf1 0-1

[Event "Sparkassen-Open B"]
[Site "Heusenstamm, Martinsee"]
[Date "2018.11.25"]
[Round "6.27"]
[White "Nimrichter, Christian"]
[Black "Moseler, Thomas"]
[Result "0-1"]
[WhiteElo "1378"]
[BlackElo "1636"]
[PlyCount "136"]
[EventDate "2018.??.??"]
[WhiteTeam "VSG Offenbach"]
[BlackTeam "HSK Lister Turm"]

1. Nf3 d5 2. d4 e6 3. Bf4 Bd6 4. e3 Bxf4 5. exf4 Qd6 6. Qd2 Nf6 7. Bd3 b6 8.
O-O O-O 9. Re1 Ba6 10. Ne5 Bxd3 11. Nxd3 Ne4 12. Qe2 Nd7 13. Nd2 Nxd2 14. Qxd2
Rac8 15. Re3 c5 16. dxc5 Nxc5 17. Nxc5 Rxc5 18. Rg3 Rfc8 19. Qd4 g6 20. c3 Rc4
21. Qe5 Qxe5 22. fxe5 Re4 23. Re3 Rxe3 24. fxe3 Rc4 25. Kf2 Re4 26. Rd1 Rxe5
27. Rd4 Re4 28. a4 Kf8 29. Rxe4 dxe4 30. h4 h5 31. Kg3 e5 32. Kf2 Ke7 33. b3 a6
34. Ke2 Kd6 35. Kf2 Kc5 36. Ke2 a5 37. Ke1 b5 38. axb5 Kxb5 39. Kd2 f5 40. g3
a4 41. c4+ Kb4 42. bxa4 Kxc4 43. a5 Kb5 44. Kc3 Kxa5 45. Kc4 Ka4 46. Kd5 Kb3
47. Kxe5 Kc3 48. Kf6 Kd3 49. Kxg6 Kxe3 50. Kxf5 Kf3 51. g4 e3 52. gxh5 e2 53.
h6 e1=Q 54. Kg6 Qe5 55. h7 Qh8 56. h5 Kg4 57. Kh6 Kf3 58. Kg6 Ke4 59. Kh6 Ke5
60. Kg5 Qxh7 61. h6 Qf5+ 62. Kh4 Qg6 63. Kh3 Qxh6+ 64. Kg3 Qf4+ 65. Kg2 Ke4 66.
Kg1 Qd2 67. Kf1 Kf3 68. Kg1 Qg2# 0-1

[Event "Sparkassen-Open B"]
[Site "Heusenstamm, Martinsee"]
[Date "2018.11.25"]
[Round "6.28"]
[White "Bär, Christian"]
[Black "Aravindan, Midhulan"]
[Result "1/2-1/2"]
[WhiteElo "1631"]
[BlackElo "1407"]
[PlyCount "70"]
[EventDate "2018.??.??"]
[WhiteTeam "SC Steinbach"]
[BlackTeam "SV Hofheim"]

1. d4 Nf6 2. c4 e6 3. Nf3 b6 4. e3 Bb7 5. Bd3 Be7 6. O-O O-O 7. Nbd2 c5 8. dxc5
Bxc5 9. b3 Nc6 10. Bb2 h6 11. a3 Be7 12. Qe2 Re8 13. Rfd1 d5 14. cxd5 Nxd5 15.
Rac1 Rc8 16. Bb5 Bf6 17. Ne4 Bxb2 18. Qxb2 f5 19. Ng3 Qf6 20. Qxf6 Nxf6 21.
Bxc6 Rxc6 22. Rxc6 Bxc6 23. Ne5 Bd5 24. b4 Rc8 25. f3 Rc3 26. Rd3 Rc2 27. Kf1
b5 28. Ne2 Kh7 29. Rc3 Rxc3 30. Nxc3 Bc4+ 31. Nxc4 bxc4 32. Ke1 Nd5 33. Kd2 Kg6
34. e4 fxe4 35. fxe4 Nb6 1/2-1/2

[Event "Sparkassen-Open B"]
[Site "Heusenstamm, Martinsee"]
[Date "2018.11.25"]
[Round "6.29"]
[White "Sacher, Dieter"]
[Black "Solovej, Philip"]
[Result "1-0"]
[WhiteElo "1617"]
[BlackElo "1131"]
[PlyCount "59"]
[EventDate "2018.??.??"]
[WhiteTeam "SV Neu-Isenburg"]
[BlackTeam "SK Gründau"]

1. f4 d5 2. Nf3 Nc6 3. e3 Bf5 4. Bb5 e6 5. b3 Bd6 6. Bxc6+ bxc6 7. Bb2 Nf6 8.
d3 O-O 9. O-O Bg4 10. Nbd2 Re8 11. Qe1 Nd7 12. Qg3 Nf6 13. Ne5 Bxe5 14. fxe5
Nh5 15. Qxg4 g6 16. Rf3 Rf8 17. Raf1 Ng7 18. Ba3 Re8 19. Bc5 Nf5 20. Qh3 Qg5
21. g3 Reb8 22. a4 Rd8 23. R1f2 Kg7 24. e4 dxe4 25. Nxe4 Qc1+ 26. Kg2 Qe1 27.
g4 Nh6 28. Be3 Ng8 29. Rxf7+ Kh8 30. Rxh7# 1-0

[Event "Sparkassen-Open B"]
[Site "Heusenstamm, Martinsee"]
[Date "2018.11.25"]
[Round "6.30"]
[White "Bastian, Ben"]
[Black "Stollreiter, Marc"]
[Result "1-0"]
[WhiteElo "1592"]
[BlackElo "1204"]
[PlyCount "53"]
[EventDate "2018.??.??"]
[WhiteTeam "SC Herborn"]
[BlackTeam "Kölner SK Dr. Lasker"]

1. b3 e5 2. Bb2 Nc6 3. e3 Nf6 4. Bb5 d6 5. Ne2 Bd7 6. O-O a6 7. Bxc6 Bxc6 8. f4
Qe7 9. fxe5 dxe5 10. Ng3 g6 11. d3 Bg7 12. e4 O-O 13. Ba3 Qe6 14. Bxf8 Rxf8 15.
Nc3 Rd8 16. Qe2 Qd6 17. Nd1 h5 18. Ne3 Qd4 19. Qf2 Bh6 20. Qxf6 Bxe3+ 21. Kh1
Bf4 22. Ne2 Rd6 23. Qh4 g5 24. Qxh5 Qe3 25. Nxf4 exf4 26. Qxg5+ Rg6 27. Qxf4
1-0

[Event "Sparkassen-Open B"]
[Site "Heusenstamm, Martinsee"]
[Date "2018.11.25"]
[Round "6.31"]
[White "Uphoff, Jürgen"]
[Black "Richter, Tim"]
[Result "1/2-1/2"]
[WhiteElo "1581"]
[BlackElo "1118"]
[PlyCount "74"]
[EventDate "2018.??.??"]
[WhiteTeam "vereinslos"]
[BlackTeam "SF Heidesheim"]

1. f4 Nf6 2. Nf3 g6 3. b3 Bg7 4. Bb2 c5 5. e3 Nc6 6. Be2 d6 7. Nc3 Bd7 8. O-O
O-O 9. a3 Qc7 10. Qe1 Bg4 11. h3 Bxf3 12. Bxf3 Rac8 13. Rb1 Rfd8 14. Ba1 b6 15.
Be2 Ne8 16. Qh4 d5 17. Bf3 e6 18. Ne2 Qe7 19. Qf2 Nd6 20. Ng3 Qd7 21. h4 Bxa1
22. Rxa1 h5 23. Be2 Ne7 24. d3 Kf8 25. Nh1 Nef5 26. g4 hxg4 27. Bxg4 Ke7 28. e4
dxe4 29. Bxf5 gxf5 30. h5 exd3 31. Qh4+ f6 32. cxd3 Rh8 33. Rfe1 Rh6 34. Ng3
Rch8 35. Re3 Kf7 36. Rae1 Rc8 37. Qh2 Nb5 1/2-1/2

[Event "Sparkassen-Open B"]
[Site "Heusenstamm, Martinsee"]
[Date "2018.11.25"]
[Round "6.32"]
[White "Englert, Lin"]
[Black "Kirchner, Stefan"]
[Result "0-1"]
[WhiteElo "1294"]
[BlackElo "1580"]
[PlyCount "70"]
[EventDate "2018.??.??"]
[WhiteTeam "TV-Großostheim"]
[BlackTeam "SF Schöneck"]

1. e4 g6 2. d4 Bg7 3. Nf3 c5 4. Nc3 cxd4 5. Nxd4 Nc6 6. Be3 d6 7. Be2 Bd7 8.
Qd2 a6 9. f3 Rc8 10. a3 Qc7 11. Nxc6 Bxc6 12. Bd4 Bh6 13. Qd1 e5 14. Bf2 Ne7
15. O-O O-O 16. Re1 Bd7 17. Bd3 Be6 18. Qe2 Qd7 19. Be3 Bg7 20. Rad1 f5 21. Rf1
f4 22. Bf2 g5 23. h3 Rf6 24. Rfe1 h5 25. Kf1 g4 26. Bh4 Rg6 27. Bxe7 Qxe7 28.
Qf2 gxh3 29. gxh3 Bxh3+ 30. Ke2 Rg2 31. Qxg2 Bxg2 32. Rg1 Qg5 33. Kf2 Qg3+ 34.
Ke2 Qxf3+ 35. Kd2 Qe3# 0-1

[Event "Sparkassen-Open B"]
[Site "Heusenstamm, Martinsee"]
[Date "2018.11.25"]
[Round "6.33"]
[White "Schmid, Leon"]
[Black "Goodwin, David"]
[Result "1/2-1/2"]
[WhiteElo "1260"]
[BlackElo "1549"]
[PlyCount "45"]
[EventDate "2018.??.??"]
[WhiteTeam "SF Heidesheim"]
[BlackTeam "SV Kelsterbach"]

1. e4 g6 2. Nf3 Bg7 3. Nc3 d6 4. d4 a6 5. h3 Nd7 6. Be3 b5 7. b4 c5 8. a3 cxb4
9. axb4 Bb7 10. Bd3 Ngf6 11. O-O Qc7 12. Bd2 Nb6 13. Re1 Nc4 14. Ra2 Nxd2 15.
Qxd2 O-O 16. Nd1 Nd7 17. c3 Nb6 18. Qe2 Rfc8 19. Nd2 Qd7 20. Nb3 Na4 21. Rc2
Rf8 22. Na5 e6 23. Qe3 1/2-1/2

[Event "Sparkassen-Open B"]
[Site "Heusenstamm, Martinsee"]
[Date "2018.11.25"]
[Round "6.35"]
[White "Bergmann, Lennart"]
[Black "Moldenhauer, Lennart"]
[Result "1/2-1/2"]
[WhiteElo "1193"]
[BlackElo "1488"]
[PlyCount "50"]
[EventDate "2018.??.??"]
[WhiteTeam "VSG Offenbach"]
[BlackTeam "SV Oberursel"]

1. e4 c5 2. d4 cxd4 3. Qxd4 Nc6 4. Qd1 Nf6 5. Nc3 g6 6. Nf3 d6 7. Be3 Bg7 8. h3
Qa5 9. Bd3 Bd7 10. Qd2 h5 11. Bg5 Be6 12. a3 Qb6 13. O-O-O a6 14. Rde1 Qa5 15.
Nb1 Qb6 16. Nc3 Qc7 17. Bf4 Nd7 18. Nd5 Bxd5 19. exd5 Nce5 20. Nxe5 Nxe5 21.
Bg5 Qb6 22. c3 O-O 23. f4 Nxd3+ 24. Qxd3 Bf6 25. Bxf6 exf6 1/2-1/2

[Event "Sparkassen-Open B"]
[Site "Heusenstamm, Martinsee"]
[Date "2018.11.25"]
[Round "6.37"]
[White "Zimmer, Holger"]
[Black "Janßen, Norbert"]
[Result "1/2-1/2"]
[WhiteElo "1394"]
[BlackElo "1647"]
[PlyCount "38"]
[EventDate "2018.??.??"]
[WhiteTeam "SF Heidesheim"]
[BlackTeam "SC Breuberg"]

1. d4 Nf6 2. Bf4 g6 3. Nf3 Bg7 4. Nc3 d6 5. Qd2 O-O 6. Bh6 c6 7. Bxg7 Kxg7 8.
e3 Nbd7 9. Be2 b5 10. a3 Bb7 11. b4 a5 12. O-O axb4 13. axb4 Qc7 14. e4 e5 15.
d5 Ba6 16. Bd3 Rfb8 17. Ra5 Bb7 18. Rfa1 Rxa5 19. Rxa5 Ra8 1/2-1/2

[Event "Sparkassen-Open B"]
[Site "Heusenstamm, Martinsee"]
[Date "2018.11.25"]
[Round "6.38"]
[White "Wiese, Frank"]
[Black "Leach, Julien"]
[Result "1/2-1/2"]
[WhiteElo "1345"]
[BlackElo "1635"]
[PlyCount "45"]
[EventDate "2018.??.??"]
[WhiteTeam "SF Frankfurt"]
[BlackTeam "SC Bad Soden"]

1. d4 Nf6 2. c4 e6 3. Nc3 Bb4 4. Qc2 d5 5. cxd5 Qxd5 6. Nf3 O-O 7. a3 Bxc3+ 8.
Qxc3 Nc6 9. e3 Ne4 10. Qc2 e5 11. dxe5 Qa5+ 12. Bd2 Nxd2 13. Qxd2 Qxd2+ 14.
Kxd2 Bg4 15. Be2 Bxf3 16. Bxf3 Nxe5 17. Be2 Rfd8+ 18. Kc3 Rd6 19. Rhd1 Rad8 20.
Rxd6 Rxd6 21. Rd1 Rxd1 22. Bxd1 Kf8 23. f4 1/2-1/2

[Event "Sparkassen-Open B"]
[Site "Heusenstamm, Martinsee"]
[Date "2018.11.25"]
[Round "6.39"]
[White "Denz, Markus"]
[Black "Schwab, Tizian"]
[Result "1-0"]
[WhiteElo "1580"]
[BlackElo "1318"]
[PlyCount "117"]
[EventDate "2018.??.??"]
[WhiteTeam "SC Hattersheim"]
[BlackTeam "TV-Großostheim"]

1. d4 d5 2. c4 e6 3. Nf3 Nc6 4. Nc3 Nf6 5. Bg5 Be7 6. e3 O-O 7. Qc2 h6 8. Bh4
Re8 9. a3 a5 10. Bd3 dxc4 11. Bxc4 Bd7 12. O-O Nh7 13. Bxe7 Qxe7 14. Rfd1 Ng5
15. Nxg5 Qxg5 16. Ne4 Qg6 17. Bd3 Rac8 18. Nc5 Qg5 19. Nxd7 Red8 20. Nc5 Rb8
21. Ne4 Qe7 22. Rac1 Rdc8 23. Qc5 Qxc5 24. Rxc5 Kf8 25. Rdc1 Ke7 26. g3 Kd8 27.
Bb5 Ne7 28. b4 axb4 29. axb4 Nd5 30. Rb1 Ra8 31. Nc3 Nxc3 32. Rxc3 c6 33. Bd3
Kd7 34. b5 cxb5 35. Rxc8 Kxc8 36. Rxb5 Rb8 37. Kg2 Kc7 38. Kf3 Kc6 39. h4 Ra8
40. Rb2 Ra4 41. Kf4 b5 42. Ke5 b4 43. Be4+ Kd7 44. d5 exd5 45. Kxd5 Ke7 46. Kc4
Kf6 47. Rxb4 Rxb4+ 48. Kxb4 g5 49. hxg5+ hxg5 50. f4 gxf4 51. gxf4 Ke6 52. Kc5
Ke7 53. Kd5 Kd7 54. Ke5 Ke7 55. Bd5 f6+ 56. Kf5 Kd6 57. Kxf6 Kxd5 58. f5 Kd6
59. Kg7 1-0

[Event "Sparkassen-Open B"]
[Site "Heusenstamm, Martinsee"]
[Date "2018.11.25"]
[Round "6.40"]
[White "Stepanov, Maximilian"]
[Black "Scheerer, Julian"]
[Result "1-0"]
[WhiteElo "1416"]
[BlackElo "1364"]
[PlyCount "119"]
[EventDate "2018.??.??"]
[WhiteTeam "SK Gräfelfing"]
[BlackTeam "SV 1934 Ffm-Griesheim"]

1. d4 d5 2. c4 e6 3. Nc3 Nf6 4. Nf3 Be7 5. Bf4 O-O 6. e3 Nbd7 7. h3 b6 8. cxd5
Nxd5 9. Nxd5 exd5 10. Bb5 Bb4+ 11. Nd2 Bb7 12. O-O c6 13. Bd3 Re8 14. Nf3 Be7
15. Qc2 Rc8 16. Bxh7+ Kh8 17. Bf5 c5 18. Qe2 Bf6 19. Rfd1 cxd4 20. Nxd4 g6 21.
Bg4 Rc4 22. Qd2 Ne5 23. Be2 Rc8 24. Nf3 Nc4 25. Bxc4 dxc4 26. Qb4 a5 27. Qa3
Qe7 28. Bd6 Qe4 29. Rac1 Red8 30. b4 c3 31. bxa5 bxa5 32. Qb3 c2 33. Rd2 Rd7
34. Ne1 Bc3 35. Rdxc2 Rxd6 36. Rxc3 Rxc3 37. Qxc3+ Kg8 38. Nf3 Rc6 39. Qb2 Qb4
40. Rc2 Qe4 41. Rxc6 Qxc6 42. Qd2 Qb6 43. Nd4 Bd5 44. Qc2 Qb4 45. Qc8+ Kg7 46.
Qc2 a4 47. Kh2 Qa3 48. Nb5 Qxa2 49. Qxa2 Bxa2 50. Kg3 Kf6 51. Kf4 Bb3 52. Ke4
Ke6 53. Nd4+ Kd6 54. Nxb3 axb3 55. Kd3 Ke5 56. f3 f5 57. Kc3 Kf6 58. Kxb3 Kg5
59. g3 Kh5 60. h4 1-0

[Event "Sparkassen-Open B"]
[Site "Heusenstamm, Martinsee"]
[Date "2018.11.25"]
[Round "6.41"]
[White "Gräf, Kilian Gabriel"]
[Black "Häfner, Günther"]
[Result "1/2-1/2"]
[WhiteElo "1535"]
[BlackElo "1261"]
[PlyCount "86"]
[EventDate "2018.??.??"]
[WhiteTeam "SV Frankfurt Nord"]
[BlackTeam "Berkershm"]

1. d4 d5 2. c4 e6 3. Nc3 b6 4. Nf3 Nf6 5. Bg5 Be7 6. e3 Bb7 7. cxd5 exd5 8. Bd3
Ba6 9. O-O Bxd3 10. Qxd3 O-O 11. Nd2 Nbd7 12. Rfe1 Re8 13. f3 Rc8 14. e4 Nf8
15. Bxf6 Bxf6 16. Nxd5 c6 17. Nxf6+ Qxf6 18. Nb3 Red8 19. Qe3 a5 20. a4 Qe7 21.
Rac1 Qb4 22. Ra1 Ne6 23. Red1 Rc7 24. Qc3 Qe7 25. Rac1 Nf4 26. Kf1 Qg5 27. Qd2
h6 28. g3 Ne6 29. Qxg5 Nxg5 30. Kg2 f6 31. Rc3 Rdc8 32. Rdc1 Ne6 33. d5 cxd5
34. exd5 Rxc3 35. Rxc3 Rxc3 36. bxc3 Nd8 37. f4 Nb7 38. c4 Kf7 39. Kf3 f5 40.
Ke3 Ke7 41. Kd4 Kd6 42. h3 h5 43. Nd2 Nc5 1/2-1/2

[Event "Sparkassen-Open B"]
[Site "Heusenstamm, Martinsee"]
[Date "2018.11.25"]
[Round "6.42"]
[White "von Beckh, Frieda"]
[Black "Kremenetskiy, Igor"]
[Result "1-0"]
[WhiteElo "1262"]
[BlackElo "1520"]
[PlyCount "53"]
[EventDate "2018.??.??"]
[WhiteTeam "SC Eschborn"]
[BlackTeam "SF Heusenstamm"]

1. e4 d6 2. d4 Nf6 3. Nd2 g6 4. Ngf3 Bg7 5. Bc4 O-O 6. O-O c6 7. Bb3 Bg4 8. Re1
Be6 9. Nf1 Bxb3 10. axb3 Qb6 11. Ng3 Rd8 12. Be3 Ng4 13. Bg5 Qc7 14. h3 Nf6 15.
Qd2 Re8 16. c3 Na6 17. b4 Rad8 18. Bh6 Qc8 19. Bxg7 Kxg7 20. Qg5 h6 21. Qf4 Qc7
22. h4 e5 23. Qd2 Qb6 24. h5 exd4 25. Nxd4 c5 26. Ndf5+ gxf5 27. Nxf5+ 1-0

[Event "Sparkassen-Open B"]
[Site "Heusenstamm, Martinsee"]
[Date "2018.11.25"]
[Round "6.43"]
[White "Griesfeller, Sven"]
[Black "Bayer, Oliver"]
[Result "1-0"]
[WhiteElo "1332"]
[BlackElo "1497"]
[PlyCount "51"]
[EventDate "2018.??.??"]
[WhiteTeam "SG Wächtersbach"]
[BlackTeam "SC Heusenstamm"]

1. e4 e5 2. Nf3 Nc6 3. Bc4 Bc5 4. c3 Nf6 5. d3 d6 6. b4 Bb6 7. a4 a6 8. Nbd2
Bg4 9. h3 Bh5 10. O-O O-O 11. Qb3 Qd7 12. Bb2 Rad8 13. d4 Bxf3 14. Nxf3 Nxe4
15. dxe5 Nxe5 16. Nxe5 dxe5 17. Rad1 Qe7 18. Bd3 Ng3 19. Rfe1 Qf6 20. Qc2 Kh8
21. c4 Nh5 22. c5 Ba7 23. Bxe5 Qg5 24. Bxc7 Rd7 25. Bd6 Rc8 26. Re5 1-0

[Event "Sparkassen-Open B"]
[Site "Heusenstamm, Martinsee"]
[Date "2018.11.25"]
[Round "6.44"]
[White "Martin, Peter"]
[Black "Kuran, Rainer"]
[Result "1-0"]
[WhiteElo "1319"]
[BlackElo "1469"]
[PlyCount "59"]
[EventDate "2018.??.??"]
[WhiteTeam "SC Wittlich"]
[BlackTeam "Karlsruher SF"]

1. e4 c6 2. Nf3 d5 3. e5 Bf5 4. d4 e6 5. Bd3 Ne7 6. Bg5 Bg6 7. O-O Qb6 8. b3
Nf5 9. c3 c5 10. Re1 Nc6 11. Bxf5 Bxf5 12. Re2 cxd4 13. cxd4 Rc8 14. h3 Nb4 15.
Nbd2 Nc2 16. Nf1 Nxa1 17. Qxa1 Ba3 18. Ng3 Rc1+ 19. Bxc1 Be7 20. Nxf5 exf5 21.
Qc3 O-O 22. Qd3 Rc8 23. Rc2 Qe6 24. Ng5 Qd7 25. Rxc8+ Qxc8 26. Be3 g6 27. Qb5
a6 28. Qxd5 Bxg5 29. Bxg5 b5 30. Bh6 1-0

[Event "Sparkassen-Open B"]
[Site "Heusenstamm, Martinsee"]
[Date "2018.11.25"]
[Round "6.45"]
[White "Boder, Jörg"]
[Black "Werner, Florin"]
[Result "0-1"]
[WhiteElo "1466"]
[BlackElo "1234"]
[PlyCount "32"]
[EventDate "2018.??.??"]
[WhiteTeam "SG Mörsdorf-Lahr"]
[BlackTeam "VSG Offenbach"]

1. b3 e5 2. Bb2 Nc6 3. e3 d5 4. Bb5 Bd6 5. Nf3 Qe7 6. Nc3 Nf6 7. Bxc6+ bxc6 8.
O-O Bg4 9. h3 Bh5 10. g4 Nxg4 11. Ne2 e4 12. hxg4 exf3 13. Ng3 Bxg4 14. d4 Qh4
15. Qd2 Qh3 16. e4 Qg2# 0-1

[Event "Sparkassen-Open B"]
[Site "Heusenstamm, Martinsee"]
[Date "2018.11.25"]
[Round "6.46"]
[White "Giebitz, Walter"]
[Black "Tobias, Karolin"]
[Result "1-0"]
[WhiteElo "1464"]
[BlackElo "924"]
[PlyCount "83"]
[EventDate "2018.??.??"]
[WhiteTeam "SC Steinbach"]
[BlackTeam "SV Oberursel"]

1. e4 e5 2. Nf3 Nc6 3. Bc4 Bc5 4. O-O Nf6 5. d3 d6 6. h3 Qe7 7. Nc3 Be6 8. Bxe6
Qxe6 9. Bg5 h6 10. Bxf6 Qxf6 11. Nd5 Qd8 12. Nh4 Ne7 13. Nxe7 Qxe7 14. Nf5 Qg5
15. Qe2 g6 16. Ne3 O-O-O 17. Kh1 h5 18. f4 exf4 19. Nd5 Qh4 20. Rxf4 Qg3 21.
Rxf7 Rd7 22. Rxd7 Kxd7 23. Rf1 Rh7 24. Nf6+ Kc6 25. Nxh7 d5 26. exd5+ Kxd5 27.
Qf3+ Qxf3 28. Rxf3 Kd4 29. Rf6 Ke5 30. Rxg6 Kf4 31. Rh6 Ke3 32. Rxh5 Bb6 33.
Rd5 Kd2 34. g4 Kxc2 35. g5 Kxb2 36. g6 Kxa2 37. g7 c6 38. Rd7 Ka1 39. g8=Q Kb1
40. Qb3+ Ka1 41. Rf7 Bc5 42. Rf1# 1-0

[Event "Sparkassen-Open B"]
[Site "Heusenstamm, Martinsee"]
[Date "2018.11.25"]
[Round "6.47"]
[White "Jelinek, Stefan"]
[Black "Goetz, Fenja"]
[Result "0-1"]
[WhiteElo "1318"]
[BlackElo "1343"]
[PlyCount "38"]
[EventDate "2018.??.??"]
[WhiteTeam "SC Kahl"]
[BlackTeam "SK Bad Homburg"]

1. e3 e5 2. Nf3 e4 3. Ng1 d5 4. d4 Nf6 5. c4 c6 6. Qa4 Bd7 7. c5 b6 8. b4 bxc5
9. bxc5 Be7 10. Qb4 Qc7 11. a4 a5 12. Qb3 O-O 13. Nc3 Na6 14. Qb6 Qxb6 15. cxb6
Nb4 16. Be2 Nc2+ 17. Kd2 Nxa1 18. b7 Ra7 19. Nh3 Nb3+ 0-1

[Event "Sparkassen-Open B"]
[Site "Heusenstamm, Martinsee"]
[Date "2018.11.25"]
[Round "6.48"]
[White "Plötz, Hans-Jürgen"]
[Black "Tobias, Christian"]
[Result "1-0"]
[WhiteElo "1622"]
[BlackElo "1416"]
[PlyCount "32"]
[EventDate "2018.??.??"]
[WhiteTeam "SC Bad Nauheim"]
[BlackTeam "SV Oberursel"]

1. d4 d5 2. Nf3 Nf6 3. Bf4 e6 4. e3 Nbd7 5. c4 b6 6. Be2 Bb4+ 7. Nc3 O-O 8. O-O
c5 9. Qb3 Ne4 10. cxd5 exd5 11. Qxd5 Nxc3 12. bxc3 Bxc3 13. Rac1 Ba5 14. Qxa8
Nf6 15. Qxa7 cxd4 16. Nxd4 Qd5 1-0